LEADER 03135oam 2200625I 450 001 9910465447503321 005 20200520144314.0 010 $a0-203-07469-6 010 $a1-299-28052-8 010 $a1-135-11487-0 024 7 $a10.4324/9780203074695 035 $a(CKB)2560000000099352 035 $a(EBL)1143819 035 $a(OCoLC)830161222 035 $a(SSID)ssj0000833005 035 $a(PQKBManifestationID)11465912 035 $a(PQKBTitleCode)TC0000833005 035 $a(PQKBWorkID)10899678 035 $a(PQKB)10381767 035 $a(MiAaPQ)EBC1143819 035 $a(Au-PeEL)EBL1143819 035 $a(CaPaEBR)ebr10672607 035 $a(CaONFJC)MIL459302 035 $a(OCoLC)830085761 035 $a(EXLCZ)992560000000099352 100 $a20180706d2013 uy 0 101 0 $aeng 135 $aur|n|---||||| 181 $ctxt 182 $cc 183 $acr 200 10$aCut down to size $eachieving success with weight loss surgery /$fJenny Radcliffe 210 1$aAbingdon, Oxon ;$aNew York, N.Y. :$cRoutledge,$d2013. 215 $a1 online resource (257 p.) 300 $aDescription based upon print version of record. 311 $a0-415-68377-7 311 $a0-415-68376-9 320 $aIncludes bibliographical references and index. 327 $aCut Down to Size Achieving success with weight loss surgery; Copyright; Contents; List of illustrations; Preface; Acknowledgements; List of abbreviations; 1 The obesity epidemic and weight loss surgery; 2 Obesity: a normal response to an abnormal situation?; 3 'I just want a normal life': the impact of obesity; 4 Accessing weight loss surgery; 5 Assessment for weight loss surgery; 6 Looking after your emotional well-being; 7 Weight loss surgery: the facts and figures; 8 'Pressing the re-set button': life after weight loss surgery 327 $a9 'It's the best decision I ever made': success stories with weight loss surgery10 'I thought if I was slim the world would be some kind of fairy tale': the risks and challenges of weight loss surgery; 11 Taking control: FAQs and resources; Further reading; Index 330 $aCut Down to Size covers everything you need to know about bariatric surgery, from referral through to the challenges you may face after surgery. Most people who seek weight loss surgery have struggled for many years to control their eating, and have experienced increasing health limitations, self-consciousness and discrimination. People see weight loss surgery as their last chance for a better, more normal life. While hopeful fantasies about an alternative future make it hard to contemplate the risk of failure, some patients experience considerable emotional or physical problems. < 606 $aObesity$xSurgery 606 $aWeight loss 608 $aElectronic books. 615 0$aObesity$xSurgery. 615 0$aWeight loss. 676 $a617.4/3 700 $aRadcliffe$b Jennifer.$0960717 801 0$bMiAaPQ 801 1$bMiAaPQ 801 2$bMiAaPQ 906 $aBOOK 912 $a9910465447503321 996 $aCut down to size$92177856 997 $aUNINA LEADER 04876oam 22011054 450 001 9910788403303321 005 20230828235803.0 010 $a1-4623-9420-5 010 $a1-4527-0373-6 010 $a1-283-51750-7 010 $a1-4519-8927-X 010 $a9786613829955 035 $a(CKB)3360000000443921 035 $a(EBL)3014328 035 $a(SSID)ssj0000941483 035 $a(PQKBManifestationID)11492043 035 $a(PQKBTitleCode)TC0000941483 035 $a(PQKBWorkID)10963639 035 $a(PQKB)10474987 035 $a(OCoLC)698585516 035 $a(MiAaPQ)EBC3014328 035 $a(IMF)WPIEE2006124 035 $a(EXLCZ)993360000000443921 100 $a20020129d2006 uf 0 101 0 $aeng 135 $aur|n|---||||| 181 $ctxt 182 $cc 183 $acr 200 10$aIndirect Taxes on International Aviation /$fJon Strand, Michael Keen 210 1$aWashington, D.C. :$cInternational Monetary Fund,$d2006. 215 $a1 online resource (58 p.) 225 1 $aIMF Working Papers 300 $aAt head of title: Fiscal Affairs Department. 300 $a"May 2006." 311 $a1-4518-6384-5 320 $aIncludes bibliographical references (p. 50-56). 327 $a""Contents""; ""I. INTRODUCTION""; ""II. TYPES OF AVIATION TAX""; ""III. AVIATION TAXES IN PRACTICE""; ""IV. ENVIRONMENTAL AND OTHER EXTERNALITIES""; ""V. TAXING INTERNATIONAL AVIATION: BASIC PRINCIPLES""; ""VI. THE IMPLICATIONS OF NON-ENVIRONMENTAL DISTORTIONS IN INTERNATIONAL AVIATION""; ""VII. RATES, REVENUE, AND INCIDENCE""; ""VIII. ADMINISTRATION AND COMPLIANCE""; ""IX. CONCLUSIONS""; ""References"" 330 3 $aThis paper examines the case for internationally coordinated indirect taxes on aviation (as a source of general revenue-not (necessarily) as a source of development finance). The case for such taxes is strong: the tax burden on international aviation is currently limited, yet it contributes significantly to border-crossing environmental damage. A tax on aviation fuel would address the key border-crossing externalities most directly; a ticket tax could raise more revenue; departure taxes face the least legal obstacles. Optimal policy requires deploying both fuel and ticket taxes. A fuel tax of 20 U.S. cents per gallon (10 percent, at today's fuel prices, corresponding to assessed environmental damage), or alternatively ticket taxes of 2.5 percent, would raise about US$10 billion if imposed worldwide, and US$3 billion if applied only in Europe. 410 0$aIMF Working Papers; Working Paper ;$vNo. 2006/124 606 $aAeronautics, Commercial$xTaxation 606 $aIndirect taxation$xLaw and legislation$xInternational cooperation 606 $aInfrastructure$2imf 606 $aPublic Finance$2imf 606 $aTaxation$2imf 606 $aAviation$2imf 606 $aAir Transportation$2imf 606 $aBusiness Taxes and Subsidies$2imf 606 $aIndustry Studies: Transportation and Utilities: General$2imf 606 $aNational Government Expenditures and Related Policies: General$2imf 606 $aTransport industries$2imf 606 $aExcise taxes$2imf 606 $aPublic finance & taxation$2imf 606 $aMacroeconomics$2imf 606 $aFuel tax$2imf 606 $aTransportation$2imf 606 $aPublic expenditure review$2imf 606 $aValue-added tax$2imf 606 $aAerospace industries$2imf 606 $aMotor fuels;Taxation$2imf 606 $aSaving and investment$2imf 606 $aExpenditures, Public$2imf 606 $aSpendings tax$2imf 607 $aUnited Kingdom$2imf 615 0$aAeronautics, Commercial$xTaxation. 615 0$aIndirect taxation$xLaw and legislation$xInternational cooperation. 615 7$aInfrastructure 615 7$aPublic Finance 615 7$aTaxation 615 7$aAviation 615 7$aAir Transportation 615 7$aBusiness Taxes and Subsidies 615 7$aIndustry Studies: Transportation and Utilities: General 615 7$aNational Government Expenditures and Related Policies: General 615 7$aTransport industries 615 7$aExcise taxes 615 7$aPublic finance & taxation 615 7$aMacroeconomics 615 7$aFuel tax 615 7$aTransportation 615 7$aPublic expenditure review 615 7$aValue-added tax 615 7$aAerospace industries 615 7$aMotor fuels;Taxation 615 7$aSaving and investment 615 7$aExpenditures, Public 615 7$aSpendings tax 700 $aStrand$b Jon$01546595 701 $aKeen$b Michael$0125941 712 02$aInternational Monetary Fund.$bFiscal Affairs Dept. 801 0$bDcWaIMF 906 $aBOOK 912 $a9910788403303321 996 $aIndirect Taxes on International Aviation$93850004 997 $aUNINA LEADER 06767nam 2200709 450 001 9910828854803321 005 20200520144314.0 010 $a3-486-99060-8 010 $a3-486-85606-5 024 7 $a10.1524/9783486856064 035 $a(CKB)3710000000229208 035 $a(EBL)1634401 035 $a(SSID)ssj0001332842 035 $a(PQKBManifestationID)12535754 035 $a(PQKBTitleCode)TC0001332842 035 $a(PQKBWorkID)11377392 035 $a(PQKB)10950254 035 $a(DE-B1597)241507 035 $a(OCoLC)979611648 035 $a(DE-B1597)9783486856064 035 $a(Au-PeEL)EBL1634401 035 $a(CaPaEBR)ebr11004479 035 $a(CaONFJC)MIL783327 035 $a(OCoLC)890089828 035 $a(CaSebORM)9783486721232 035 $a(MiAaPQ)EBC1634401 035 $a(EXLCZ)993710000000229208 100 $a20150124h20142014 uy 0 101 0 $ager 135 $aur|n|---||||| 181 $ctxt 182 $cc 183 $acr 200 00$aFamiliensoziologie $eein Lehr- und studienbuch /$fRosemarie Nave-Herz (Hrsg.) 210 1$aMunich, Germany :$cDe Gruyter Oldenbourg,$d2014. 210 4$d©2014 215 $a1 online resource (242 p.) 300 $aDescription based upon print version of record. 311 $a3-486-72123-2 320 $aIncludes bibliographical references at the end of each chapters and index. 327 $t Frontmatter -- $tVorwort -- $tInhaltsverzeichnis -- $t1. Der Wandel der Familie zum spezialisierten gesellschaftlichen System im Zuge der allgemeinen gesellschaftlichen Differenzierung unserer Gesellschaft -- $t1.1 Vorbemerkung / $rNave-Herz, Rosemarie -- $t1.2 Theoretische und begriffliche Vorüberlegungen / $rNave-Herz, Rosemarie -- $t1.3 Die Familie in der vorindustriellen Zeit / $rNave-Herz, Rosemarie -- $t1.4 Der Prozess der zunehmenden funktionalen Differenzierung unserer Gesellschaft: die Folge für das System Familie / $rNave-Herz, Rosemarie / Nave-Herz, Rosemarie -- $t1.5 Der endogene Wandel im Rahmen der funktionalen Spezialisierung des Systems Familie / $rNave-Herz, Rosemarie -- $t1.6 Die funktional-spezialisierte Leistung der modernen Familie / $rNave-Herz, Rosemarie -- $t1.7 Die Pluralität von Familienformen / $rNave-Herz, Rosemarie -- $t1.8 Die gestiegenen Leistungserwartungen an das System Familie / $rNave-Herz, Rosemarie -- $t1.9 Exkurs: Der quantitative Anstieg von nichtehelichen Lebensgemeinschaften sowie von kinderlosen Ehen und die quantitative Abnahme der Familiengründungen / $rNave-Herz, Rosemarie -- $t1.10 Resümee / $rNave-Herz, Rosemarie -- $t1.11 Literatur / $rNave-Herz, Rosemarie -- $t2. Die funktionale Differenzierung zwischen Familie und Bildungssystem -- $t2.1 Familie und öffentliche Kinderbetreuung / $rHonig, Michael-Sebastian -- $t2.2 Familie und Schule: Interdependenzen, Abhängigkeiten und mögliche Spannungen / $rLauterbach, Wolfgang -- $t3. Die funktionale Differenzierung zwischen Familie und Erwerbsarbeitssystem -- $t3.1 Ursachen und Konsequenzen der Desynchronisierung von Erwerbsarbeit und Familie in der Beschleunigungsgesellschaft / $rLange, Andreas -- $t3.2 Digitale Medien im Spannungsfeld zwischen Familie und Erwerbsarbeit / $rFeldhaus, Michael / Logemann, Niels -- $t3.3 Familien in Zeiten veränderter beruflicher Mobilitätsanforderungen / $rSchneider, Norbert F. / Ruppenthal, Silvia -- $t4. Institutionalisierte private und öffentliche Unterstützungen für Familien in Deutschland -- $t4.1 Transferleistungen zwischen den heutigen Mehrgenerationenfamilien / $rSzydlik, Marc -- $t4.2 Die sozialen Beziehungen und Unterstützungen zwischen Verwandten und ihre sozialstrukturellen Folgen / $rNave-Herz, Rosemarie -- $t4.3 Familien in der Kinder- und Jugendhilfe - eine Problemskizze / $rBöllert, Karin / Peter, Corinna -- $t4.4 Ausgewählte aktuelle familienpolitische Maßnahmen und ihre nicht-intendierten möglichen Folgen / $rKrüsselberg, Hans-Günter -- $t5. Ausgewählte spezielle Familienprobleme: Armut, Gewalt und Ehescheidungen -- $t5.1 Auswirkungen der familialen ökonomischen Lage auf die kindliche Entwicklung / $rSchlegel, Monika -- $t5.2 Gewalt in der Familie / $rVölschow, Yvette -- $t5.3 Stabilität, Wandel und Zerfall ehelicher Beziehungen: das Modell der Frame-Selektion / $rEsser, Hartmut -- $t6. Ausblick: Die Zukunft der Familie -- $t6.1 Einführung / $rNave-Herz, Rosemarie -- $t6.2 Die funktional-spezialisierte Leistung des Systems Familie: die Nachwuchssicherung (Geburt/Adoption und Sozialisation von Kindern) / $rNave-Herz, Rosemarie -- $t6.3 Die funktional-spezialisierte Leistung des Systems Familie: die physische und psychische Regeneration und Stabilisierung ihrer Mitglieder / $rNave-Herz, Rosemarie -- $t6.4 Schlussbemerkung / $rNave-Herz, Rosemarie -- $t6.5 Literatur / $rNave-Herz, Rosemarie -- $tAutorenverzeichnis -- $tIndex 330 $aIn diesem Lehr- und Studienbuch werden die vielfältigsten familiensoziologischen Themen behandelt: familialer Wandel, Familie und Kinderbetreuungsinstitutionen, die Wechselwirkungen zwischen Familie und Schule sowie Arbeitswelt, die familialen Auswirkungen der gestiegenen regionalen Mobilität und der Entwicklung der digitalen Medien, das Problem der Ehescheidung, die Transferleistungen innerhalb der Mehrgenerationenfamilie, die gesamtgesellschaftliche Bedeutung von Verwandtschaft und Vererbungspraktiken, die Auswirkungen von Armut und Gewalt, aber auch von familienpolitischen Maßnahmen sowie der Kinder- und Jugendhilfe. Darüber hinaus wird die Zukunftsperspektive von Familie thematisiert. Der Band präsentiert die diesbezüglichen aktuellsten empirischen Forschungsergebnisse und zeigt die noch offenen Fragen und Forschungslücken auf. In allen Kapiteln werden vor allem die durch den abgelaufenen Modernisierungs- und Differenzierungsprozess entstandenen Veränderungen, Probleme, Spannungen und Konflikte analysiert. Insofern stehen die einzelnen Beiträge - verfasst von renommierten Soziologen bzw. Soziologinnen an deutschen und ausländischen Universitäten - nicht additiv nebeneinander, sondern diese Perspektive bildet die konzeptionelle Rahmung des Buches. 606 $aFamilies$xResearch 610 $aSocial differentiation. 610 $adivorce. 610 $aearly childhood education. 610 $amultigenerational families. 610 $apoverty. 610 $aschool system. 610 $asibling relationships. 610 $aviolence. 615 0$aFamilies$xResearch. 676 $a306.85072 686 $aMS 1900$2rvk 702 $aNave-Herz$b Rosemarie 801 0$bMiAaPQ 801 1$bMiAaPQ 801 2$bMiAaPQ 906 $aBOOK 912 $a9910828854803321 996 $aFamiliensoziologie$94040464 997 $aUNINA